Elementos de enología
Publicado:
Barcelona :
Escuela Elemental del Trabajo de la Diputación Provincial de Barcelona (E.E.T. Artes Gráficas ,
1949
Descripción Física:
107 p. : il. ; 21 cm
Otros Autores:
Escola Elemental del Treball (Barcelona)
Materias:
Vinicultura
MARC
| LEADER | 00000nam a2200000Ia 4500 | ||
|---|---|---|---|
| 001 | 1989 | ||
| 008 | 160829s1949) xx 000 0 cat d | ||
| 080 | |a C-1-396 | ||
| 245 | |a Elementos de enología | ||
| 250 | |a 2a ed., corr. i aug. | ||
| 260 | |a Barcelona : |b Escuela Elemental del Trabajo de la Diputación Provincial de Barcelona (E.E.T. Artes Gráficas, |c 1949) | ||
| 300 | |a 107 p. : |b il. ; |c 21 cm | ||
| 590 | |a A la part superior de la portada, Publicaciones del Servicio de Extensión de Enseñanzas Técnicas. Editorial y Escuela por correspondencia. | ||
| 650 | 0 | |a Vinicultura |9 30930 | |
| 700 | |a Escola Elemental del Treball (Barcelona) |9 55345 | ||
| 901 | |a Arxiu | ||
| 942 | |n 1 | ||
| 952 | |0 0 |1 0 |4 0 |6 C1396 |7 1 |9 48112 |a Arxiu |b Arxiu |d 2016-12-01 |l 0 |o C-1-396 |p 1989 |r 2016-12-01 00:00:00 |w 2016-12-01 |y ARXIU | ||
| 999 | |c 51915 |d 51915 | ||